Kámen ve službách civilizace /
Saved in:
| Main Author: | |
|---|---|
| Format: | Book |
| Language: | Czech |
| Published: |
Praha :
Academia,
1990
|
| Tags: |
No Tags, Be the first to tag this record!
|
MARC
| LEADER | 00000nam a22000003a 4500 | ||
|---|---|---|---|
| 001 | stu27364 | ||
| 005 | 20150617225740.0 | ||
| 008 | 940215s1990----cs------------------cze-d | ||
| 020 | |a 80-200-0002-X | ||
| 040 | |a STU |b slo | ||
| 041 | 0 | |a cze | |
| 044 | |a cs | ||
| 080 | |a 55 |7 stu_us_auth*stu7117 | ||
| 080 | |a 622.35/.36 | ||
| 100 | 1 | |a Kužvart, Miloš |4 aut | |
| 245 | 1 | |a Kámen ve službách civilizace / |c [aut]Kužvart,Miloš | |
| 260 | |a Praha : |b Academia, |c 1990 | ||
| 300 | |a 293 s | ||
| 996 | |b 284V028397 |c V*41726/O-17747 |l VVT |s A |a 24 |w stu27364_0001 | ||